|
|
|
|
| LEADER |
00000nab a2200000 a 4500 |
| 001 |
vtls008982340 |
| 003 |
SK-MaSNL |
| 005 |
20260311225004.0 |
| 008 |
250505 1976 xo 000 0 slo |
| 015 |
|
|
|a SNBRB1977
|
| 035 |
|
|
|a (uuid)e7f6f1b5-578a-4f00-9dfc-1b018f109ba8
|
| 035 |
|
|
|a urn:nbn:sk:snk-ab2lg7
|
| 035 |
|
|
|a (urnnbn)urn:nbn:sk:snk:ar-a02lvt
|
| 040 |
|
|
|a SNKBUCL
|b slo
|c SNKBUCL
|e AACR2
|
| 041 |
0 |
|
|a cze
|
| 044 |
|
|
|a xo
|c SK
|
| 080 |
|
|
|a 631.15(437)
|2 2001
|
| 080 |
|
|
|a 338.432(437)
|2 2001
|
| 100 |
1 |
|
|a Kurský, Ladislav
|4 aut
|9 1004912
|
| 245 |
1 |
0 |
|a Spoločné zemědělské podniky - výroba na průmyslových základech
|c Ladislav Kurský
|
| 300 |
|
|
|b Tb.
|
| 650 |
0 |
7 |
|a poľnohospodárska výroba
|2 snkbucl
|9 973
|
| 650 |
0 |
7 |
|a poľnohospodárske podniky
|2 snkbucl
|9 4194
|
| 651 |
|
7 |
|a Československo
|2 snkbucl
|9 21376
|
| 773 |
0 |
|
|t Ekonomika poľnohospodárstva
|g Roč. 15, č. 12 (1976), s. 539-542
|
| 850 |
|
|
|a Slovenská národná knižnica
|
| 852 |
|
|
|a Slovenská národná knižnica
|
| 954 |
|
|
|a odborná, vedecká literatúra cudzojazyčná (svetová)
|2 lita
|
| 958 |
|
|
|a article27
|
| 958 |
|
|
|a OND
|
| 958 |
|
|
|a EUIPO
|
| 999 |
|
|
|c 3263898
|d 3265828
|